01953nas a2200325 4500001000700000003000900007005001700016008004100033022001500074040003900089041001300128082002800141245006700169260013700236300005400373310001000427362002000437520053800457650008600995650004701081650003101128650003801159650002901197650003901226655003701265942001201302999001901314952014701333952014701480113944DR-UNIBE20250725102916.0250725b2023 dr ||||| |||| 00| 0 spa d a2636-2252  aBiblioteca UNIBEcBiblioteca UNIBE aspahspa 222aPP-RD 551.5253 E19e00aEconoclima :bestudios de cambio climático del Banco Central aSanto Domingo :bBanco Central de la República Dominicana. Departamento de Programación Monetaria y Estudios Económicos,c2023 avolúmenes :bilustraciones, gráficos ;c28 cm aAnual a(2023) - (2024)3 a"Econoclima" es el nombre de una serie de estudios sobre cambio climático realizados por el Banco Central de la República Dominicana. Estos estudios analizan los impactos económicos del cambio climático en el país, incluyendo la vulnerabilidad a fenómenos meteorológicos extremos y sus efectos en sectores clave como la agricultura y el turismo. El Banco Central ha incorporado el análisis del cambio climático en su agenda de trabajo, reconociendo su importancia para la estabilidad macroeconómica y financiera.  72lembaCambios climáticosxAspectos económicoszRepública Dominicana9197703 72lembaCambios globales de temperatura9820 72lembaEconomía ambiental 72lembaCalentamiento global927825 72lembaEfecto invernadero 72lembaGases de invernadero9136873 72lembaPublicaciones periódicas 2ddccCR c113944d113944 00102ddc40708HEM-RDaPrincipalbPrincipald2025-07-25h(2023)l0oPP-RD 551.5253 E19epR250208r2025-07-25 10:32:49tEj. 1w2025-07-25yCR 00102ddc40708HEM-RDaPrincipalbPrincipald2025-07-25h(2024)l0oPP-RD 551.5253 E19epR250209r2025-07-25 10:34:05tEj. 1w2025-07-25yCR